| Tag |
First Indicator |
Second Indicator |
Subfields |
| LEADER |
00000cam a2200000 a 4500 |
| 001 |
in00002139289 |
| 006 |
m e d # |
| 007 |
cr mn mmmmabba |
| 008 |
820628s1798 vau s 000 0 eng d |
| 005 |
20260331163233.2 |
| 035 |
|
|
|z w031904
|
| 035 |
|
|
|a MAAR8206283712B
|
| 035 |
|
|
|9 mwa91-44072
|
| 035 |
|
|
|a 341188
|
| 035 |
|
|
|a aas03031904
|
| 040 |
|
|
|a MWA
|c MWA
|e bdrb
|d UtOrBLW
|
| 100 |
1 |
|
|a Nelson, William,
|d 1760-1813.
|
| 245 |
1 |
3 |
|a An enquiry whether the act of Congress "in addition to the act, entitled An act, for the punishment of certain crimes against the United States," generally called the sedition bill, is unconstitutional or not.
|
| 264 |
|
3 |
|a Richmond :
|b Printed by S. Pleasants, Jun,
|c --Nov. 1798.
|
| 300 |
|
|
|a 15 pages, 1 unnumbered page ;
|c 17 cm. (octavo)
|
| 336 |
|
|
|a text
|b txt
|2 rdacontent
|
| 337 |
|
|
|a computer
|b c
|2 rdamedia
|
| 338 |
|
|
|a online resource
|b cr
|2 rdacarrier
|
| 500 |
|
|
|a Signed on page 15: Philodemos. Attributed to Nelson on the basis of ms. notes on University of Virginia copy.
|
| 510 |
4 |
|
|a Evans
|c 34375
|
| 530 |
|
|
|a Microform version available in the Readex Early American Imprints series.
|
| 533 |
|
|
|a Electronic text and image data.
|b [Chester, Vt. :
|c Readex, a division of Newsbank, Inc.,
|d 2002-2004.
|e Includes files in TIFF, GIF and PDF formats with inclusion of keyword searchable text.
|f (Early American imprints. First series ; no. 34375).
|
| 500 |
|
|
|a Electronic resource.
|
| 650 |
|
0 |
|a Alien and Sedition laws, 1798.
|
| 651 |
|
0 |
|a United States
|x Politics and government
|y 1797-1801.
|
| 740 |
0 |
|
|a Enquiry whether the act of Congress ...
|
| 752 |
|
|
|a United States
|b Virginia
|d Richmond.
|
| 830 |
|
0 |
|a Early American imprints.
|n Series I,
|p Evans (1639-1800) ;
|v no. 34375.
|
| 856 |
4 |
1 |
|u http://proxy.library.tamu.edu/login?url=https://opac.newsbank.com/select/evans/34375
|y Evans Digital Edition
|t 0
|
| 999 |
|
|
|a MARS
|
| 999 |
f |
f |
|s 5d7a5964-3ab6-3401-99a8-8efb7ec99132
|i e5d4b047-fdfb-335a-86e3-10924164b305
|t 0
|
| 952 |
f |
f |
|a Texas A&M University
|b College Station
|c Electronic Resources
|s www_evans
|d Available Online
|t 0
|h No information provided
|
| 998 |
f |
f |
|t 0
|l Available Online
|